000 00498nam a2200181Ia 4500
001 9201
005 20260306160706.0
008 260306t2016||||xx |||||||||||||| ||spa||
041 _aESP
082 _a375.001
_bR22S
100 _aRamírez Apáez, Marissa
_eAUT
245 0 _aSecuencias didácticas para el desarrollo de competencias:
_beducación media superior y superior
260 _c2016
300 _a112 páginas :
_c27 cm.
650 _aGEN
654 _aCED
942 _cLIB
_dJUS
_fJUS
_2ddc
_n
999 _c9201
_d9201